00275pam a2200109 a 4500020000500000041000800005082001600013100002000029245006700049260004000116300000900156 c aeng a332.1bGHA  aGHANEKAR B.V.,. aA TO Z ON AN OFFENCE OF DISHONOUR OF CHEQUEhTextual Documents a[s.l]:bParashuram Process ,c2003. a64p.